00466nam a2200193Ia 4500003000400000005001700004008004100021020001800062040000700080041000800087082002000095100001600115245003700131260004100168300001500209365001300224650001400237650002100251OSt20230502111643.0210423s2009 xx 000 0 und d a9788183872584 cAL aeng a338.47 ASHA223 aASHOKAN (A) aPerspectives of health economics aNew DelhibSerial Publicationsc2009 axx,277bHB b995cINR aEconomics aHealth Economics